[Event "Lichtenberger Sommer 2017"]
[Site "Berlin"]
[Date "2017.08.25"]
[Round "7.86"]
[White "Udet, Fabian"]
[Black "Hömke, Holger"]
[Result "1/2-1/2"]
[WhiteElo "1680"]
[BlackElo "1540"]
[PlyCount "68"]
[EventDate "2017.??.??"]
[WhiteTeam "1. SC Anhalt"]
[BlackTeam "SK Zehlendorf"]

1. e4 e6 2. d4 d5 3. Nc3 dxe4 4. Nxe4 Nd7 5. Nf3 Ngf6 6. Bg5 Be7 7. Bd3 h6 8.
Nxf6+ Nxf6 9. Be3 O-O 10. c3 b6 11. Qc2 Bb7 12. O-O-O Qc8 13. h3 c5 14. Rhg1 c4
15. Be2 b5 16. g4 Be4 17. Qd2 Nd5 18. Bxh6 gxh6 19. Qxh6 Qa6 20. Ng5 Bxg5+ 21.
Qxg5+ Bg6 22. h4 Qxa2 23. h5 Qb1+ 24. Kd2 Qxb2+ 25. Ke1 Qc2 26. hxg6 Qxg6 27.
Qd2 a5 28. Rh1 Kg7 29. Rh5 f6 30. f4 Rh8 31. Kf2 Rxh5 32. gxh5 Qf5 33. Rg1+ Kf7
34. Rg4 Rg8 1/2-1/2

[Event "Lichtenberger Sommer 2017"]
[Site "Berlin"]
[Date "2017.08.25"]
[Round "7.87"]
[White "Timm, Christian"]
[Black "Dittrich, Hans-Georg"]
[Result "1/2-1/2"]
[WhiteElo "1605"]
[BlackElo "1742"]
[PlyCount "57"]
[EventDate "2017.??.??"]
[WhiteTeam "SV Königsspringer"]
[BlackTeam "SG Stadtilm"]

1. e4 e5 2. Nf3 d6 3. Be2 Be7 4. c3 Nf6 5. Qc2 O-O 6. O-O Bg4 7. d4 Nbd7 8.
Nbd2 c6 9. Nc4 b5 10. dxe5 Nxe4 11. Nxd6 Nxd6 12. exd6 Bf6 13. Bf4 Re8 14. h3
Be6 15. Rfe1 h6 16. Rad1 Qa5 17. a3 Qb6 18. Bd3 a5 19. Nd4 Bxd4 20. cxd4 a4 21.
Qd2 Qd8 22. Re3 Qh4 23. Rg3 Kh8 24. Re1 g5 25. Bxg5 hxg5 26. Re4 g4 27. Be2 f5
28. Rf4 Nf6 29. hxg4 1/2-1/2

[Event "Lichtenberger Sommer 2017"]
[Site "Berlin"]
[Date "2017.08.25"]
[Round "7.88"]
[White "Schröder, Justin"]
[Black "Freude, Max"]
[Result "1-0"]
[WhiteElo "1647"]
[BlackElo "1416"]
[PlyCount "139"]
[EventDate "2017.??.??"]
[WhiteTeam "Leegebrucher SF"]
[BlackTeam "SV Empor Berlin"]

1. d4 Nf6 2. Bf4 d5 3. e3 c6 4. c3 Bf5 5. Qb3 Qb6 6. h3 h6 7. Nd2 Qxb3 8. axb3
Nbd7 9. b4 e6 10. b5 Be7 11. bxc6 bxc6 12. b4 O-O 13. Ba6 g5 14. Bh2 Kg7 15.
Bb7 Rae8 16. Rxa7 Nb8 17. Ne2 Bd3 18. f3 Bb5 19. Nb1 Bd3 20. Kd2 Bb5 21. Na3
Bxe2 22. Kxe2 Nfd7 23. Bxc6 Nxc6 24. Rxd7 Rd8 25. Rxd8 Rxd8 26. Ra1 Ra8 27. Nc2
Rc8 28. Kd2 f5 29. b5 Nd8 30. Ra7 Kf8 31. b6 Nc6 32. Rc7 Rxc7 33. bxc7 Na7 34.
Nb4 Ke8 35. Nc6 Nc8 36. Kd3 Kd7 37. Nxe7 Nxe7 38. c4 dxc4+ 39. Kxc4 Nd5 40. Kd3
Nxc7 41. Bxc7 Kxc7 42. Kc4 Kc6 43. g3 h5 44. g4 fxg4 45. fxg4 h4 46. e4 Kd6 47.
Kb5 Kd7 48. Kc5 Ke7 49. d5 exd5 50. Kxd5 Kd7 51. Ke5 Ke7 52. Kf5 Kf7 53. Kxg5
Ke6 54. Kf4 Kf6 55. g5+ Ke6 56. e5 Ke7 57. Kf5 Kf7 58. g6+ Ke7 59. e6 Kf8 60.
Kf6 Ke8 61. g7 Kd8 62. g8=Q+ Kc7 63. e7 Kd6 64. e8=R Kc5 65. Re5+ Kd4 66. Qg4+
Kd3 67. Rf5 Ke3 68. Rf3+ Kd2 69. Qg2+ Ke1 70. Rf1# 1-0

[Event "Lichtenberger Sommer 2017"]
[Site "Berlin"]
[Date "2017.08.25"]
[Round "7.89"]
[White "Koerber, Bernhard"]
[Black "Ho, Ngoc Hai-Dang"]
[Result "1/2-1/2"]
[WhiteElo "1574"]
[BlackElo "1499"]
[PlyCount "95"]
[EventDate "2017.??.??"]
[WhiteTeam "Lasker Steglitz-Wilmersdorf"]
[BlackTeam "SF Friedrichshagen"]

1. e4 e5 2. Nf3 Nc6 3. Bb5 a6 4. Bxc6 dxc6 5. O-O Bd6 6. d4 Bg4 7. dxe5 Bxf3 8.
Qxf3 Bxe5 9. Rd1 Qe7 10. Nc3 Nf6 11. Bf4 O-O 12. Bxe5 Qxe5 13. Qg3 Rfe8 14.
Qxe5 Rxe5 15. f3 Rae8 16. Rd2 Rb8 17. Rad1 Ree8 18. e5 Rxe5 19. Rd8+ Rxd8 20.
Rxd8+ Re8 21. Rxe8+ Nxe8 22. Kf2 Nd6 23. b3 f6 24. g4 Kf7 25. Ke3 c5 26. Ne4
Nxe4 27. Kxe4 Ke6 28. a4 b6 29. c4 g6 30. h4 c6 31. f4 h6 32. f5+ Kf7 33. h5 g5
34. Kd3 Ke7 35. Ke3 Kd6 36. Ke4 a5 37. Kd3 Ke5 38. Ke3 Kd6 39. Kd3 Kd7 40. Kc3
Kc7 41. Kd3 Kb7 42. Kc3 Ka6 43. Kd3 b5 44. Kc3 b4+ 45. Kd3 Kb7 46. Ke4 Kc7 47.
Kd3 Kd6 48. Ke4 1/2-1/2

[Event "Lichtenberger Sommer 2017"]
[Site "Berlin"]
[Date "2017.08.25"]
[Round "7.90"]
[White "Stuckstedte, Hermann"]
[Black "Ellert, Oliver"]
[Result "0-1"]
[WhiteElo "1564"]
[BlackElo "1497"]
[PlyCount "56"]
[EventDate "2017.??.??"]
[WhiteTeam "Königsjäger Süd-West"]
[BlackTeam "SV Empor Berlin"]

1. c4 e5 2. Nc3 Nc6 3. g3 Nf6 4. Bg2 Bc5 5. e3 d6 6. Nf3 Bf5 7. d3 Qd7 8. a3 a5
9. O-O h5 10. d4 Ba7 11. dxe5 dxe5 12. Qxd7+ Bxd7 13. b4 axb4 14. axb4 Nxb4 15.
Nxe5 c6 16. Nxd7 Kxd7 17. Rd1+ Kc7 18. Bb2 Rhe8 19. Ne2 Nc2 20. Ra4 Nxe3 21.
Rc1 Nf5 22. c5 Rxe2 23. Bc3 Nd7 24. Rca1 Kb8 25. Ra5 g6 26. h3 Rc2 27. Bh8 Rxc5
28. Rxc5 Bxc5 0-1

[Event "Lichtenberger Sommer 2017"]
[Site "Berlin"]
[Date "2017.08.25"]
[Round "7.91"]
[White "Kreuchauf, Olaf"]
[Black "Plaza Reino, Mateo"]
[Result "1/2-1/2"]
[WhiteElo "1691"]
[BlackElo "1370"]
[PlyCount "70"]
[EventDate "2017.??.??"]
[WhiteTeam "SC Eintracht Berlin"]
[BlackTeam "Enniscorthy Chess Club"]

1. d4 Nf6 2. c4 c5 3. d5 b5 4. cxb5 d6 5. Nf3 a6 6. b6 Qxb6 7. Nc3 g6 8. e4 Bg7
9. a4 Nbd7 10. a5 Qc7 11. Bc4 O-O 12. O-O Ng4 13. h3 Nge5 14. Nxe5 Nxe5 15. Be2
Qb7 16. f4 Nd7 17. Qc2 Rb8 18. Na4 Qb3 19. Qc4 Rb4 20. Qxb3 Rxb3 21. Rf3 Rb8
22. Raa3 Nf6 23. Bd3 e6 24. Nb6 Bb7 25. Rf1 Rfd8 26. dxe6 fxe6 27. Bc4 d5 28.
exd5 exd5 29. Ba2 c4 30. Re3 Ne4 31. Kh2 Bc6 32. Rd1 Nf2 33. Rd2 Ne4 34. Rd1
Nf2 35. Rd2 Ne4 1/2-1/2

[Event "Lichtenberger Sommer 2017"]
[Site "Berlin"]
[Date "2017.08.25"]
[Round "7.92"]
[White "Fiedler, Ronald"]
[Black "Paris, Gerhard"]
[Result "1-0"]
[WhiteElo "1631"]
[BlackElo "1486"]
[PlyCount "57"]
[EventDate "2017.??.??"]
[WhiteTeam "Läufer Reinickendorf"]
[BlackTeam "TSG Oberschöneweide"]

1. d4 Nf6 2. c4 d6 3. Nc3 g6 4. e4 Bg7 5. Be2 O-O 6. Bg5 h6 7. Be3 e5 8. d5
Nbd7 9. Qd2 Kh7 10. h4 Nc5 11. f3 Rh8 12. g4 Ne8 13. O-O-O Kg8 14. Kb1 Bd7 15.
f4 Na4 16. f5 Nxc3+ 17. Qxc3 Nf6 18. Qc2 a6 19. g5 Nxe4 20. fxg6 Bf5 21. gxf7+
Kf8 22. Bd3 Ng3 23. Bxf5 Nxh1 24. Qh2 Kxf7 25. Ne2 Qe8 26. gxh6 Qf8 27. hxg7
Qxg7 28. Be6+ Kf8 29. Rf1+ 1-0

[Event "Lichtenberger Sommer 2017"]
[Site "Berlin"]
[Date "2017.08.25"]
[Round "7.93"]
[White "Kultscher, Christian"]
[Black "Tschirschwitz, Stephan"]
[Result "1/2-1/2"]
[WhiteElo "1257"]
[BlackElo "1584"]
[PlyCount "49"]
[EventDate "2017.??.??"]
[WhiteTeam "1. SC Anhalt"]
[BlackTeam "Lasker Steglitz-Wilmersdorf"]

1. c4 Nf6 2. d4 d5 3. c5 Bf5 4. Nc3 Nc6 5. a3 e6 6. Bf4 a6 7. e3 Be7 8. Nf3 Nh5
9. Ne5 Nxe5 10. Bxe5 Nf6 11. b4 O-O 12. h3 c6 13. Bd3 Ne4 14. Bxe4 dxe4 15. Qc2
f6 16. Bh2 Qd7 17. Nxe4 Qd5 18. f3 Rac8 19. Qc3 Bxe4 20. fxe4 Qxe4 21. O-O Bd8
22. Qb3 Bc7 23. Bxc7 Rxc7 24. Rf4 Qd5 25. Qxd5 1/2-1/2

[Event "Lichtenberger Sommer 2017"]
[Site "Berlin"]
[Date "2017.08.25"]
[Round "7.94"]
[White "Wilke, Hans-Peter"]
[Black "Dittrich, Hans-Juergen"]
[Result "1-0"]
[WhiteElo "1540"]
[BlackElo "1305"]
[PlyCount "93"]
[EventDate "2017.??.??"]
[WhiteTeam "Läufer Reinickendorf"]
[BlackTeam "SC Eintracht Berlin"]

1. d4 d5 2. Bf4 e6 3. e3 Bd6 4. Bg3 Bxg3 5. hxg3 c6 6. Nf3 h6 7. Nbd2 Nd7 8. c3
a5 9. Bd3 b5 10. b3 Ba6 11. Qe2 Ngf6 12. e4 dxe4 13. Nxe4 Nxe4 14. Bxe4 Bb7 15.
O-O Nf6 16. Bd3 O-O 17. Ne5 Nd7 18. Rfe1 Nxe5 19. Qxe5 Qd5 20. Qf4 Rad8 21. Be4
Qg5 22. Rad1 Qxf4 23. gxf4 Rd6 24. Kh2 f5 25. Bf3 Kh7 26. Re5 Rf6 27. Rh1 g6
28. Rhe1 Bc8 29. g3 Kg7 30. Kg2 Rf8 31. Rh1 Bb7 32. Rhe1 Bc8 33. a3 Rf7 34. Rc5
Bb7 35. Kf1 Kf6 36. Rce5 Bc8 37. Ke2 Ke7 38. Kd3 Kd8 39. Rd1 Rfd7 40. Rde1 Rf7
41. Ra1 Rb7 42. Rh1 Rh7 43. a4 Ba6 44. axb5 Bxb5+ 45. c4 Ba6 46. Kc3 Rhd7 47.
Rd1 1-0

[Event "Lichtenberger Sommer 2017"]
[Site "Berlin"]
[Date "2017.08.25"]
[Round "7.95"]
[White "Lippianowski, Stefan"]
[Black "Weber, Gerald"]
[Result "0-1"]
[WhiteElo "1106"]
[BlackElo "1761"]
[PlyCount "62"]
[EventDate "2017.??.??"]
[WhiteTeam "SV Mattnetz Berlin"]
[BlackTeam "SSV Rotation Berlin"]

1. e4 c6 2. Nc3 d5 3. Nf3 Bg4 4. Be2 e6 5. h3 Bh5 6. a3 Bg6 7. d3 d4 8. Na2 c5
9. Ne5 Ne7 10. Bf4 Nbc6 11. Nc4 Nc8 12. e5 b5 13. Nd2 Nb6 14. Bf3 Rc8 15. Bxc6+
Rxc6 16. Qf3 Qc7 17. Nc1 Be7 18. Ne4 Nc8 19. Ne2 O-O 20. Nf6+ gxf6 21. exf6 Bd6
22. Bh6 Re8 23. g4 e5 24. O-O-O e4 25. Qg2 exd3 26. Ng3 dxc2 27. Rd2 Bxg3 28.
fxg3 Rce6 29. Qf2 d3 30. h4 Qe5 31. b3 Qa1# 0-1

[Event "Lichtenberger Sommer 2017"]
[Site "Berlin"]
[Date "2017.08.25"]
[Round "7.96"]
[White "Ellert, Stefan"]
[Black "Chung, Nicholas"]
[Result "1-0"]
[WhiteElo "1355"]
[BlackElo "1417"]
[PlyCount "149"]
[EventDate "2017.??.??"]
[WhiteTeam "SV Empor Berlin"]
[BlackTeam "TuS Makkabi Berlin"]

1. e4 c5 2. Nf3 a6 3. d4 cxd4 4. Nxd4 e5 5. Nf3 Nc6 6. Be3 Nf6 7. Nbd2 Ng4 8.
Qe2 Qa5 9. h3 Nxe3 10. Qxe3 Bc5 11. Qb3 b5 12. Be2 O-O 13. O-O Bb7 14. a4 Nd4
15. Nxd4 Bxd4 16. c3 Ba7 17. axb5 Qb6 18. bxa6 Qxb3 19. Nxb3 Bxe4 20. Rfd1 Bc2
21. Rxd7 Bxb3 22. Bf3 Be6 23. Re7 Rfe8 24. Rxe6 fxe6 25. Bxa8 Rxa8 26. Ra5 Rd8
27. Rb5 Rb8 28. Rxb8+ Bxb8 29. Kf1 Kf7 30. Ke2 Kf6 31. c4 Ba7 32. b4 e4 33. f3
Ke5 34. c5 exf3+ 35. gxf3 Kd5 36. Kd3 g5 37. Kc3 h5 38. Kd3 e5 39. Ke3 Bb8 40.
Kd3 Ba7 41. Kc3 Bb8 42. Kb3 Kc6 43. Kc4 e4 44. b5+ Kd7 45. fxe4 g4 46. b6 g3
47. a7 Bxa7 48. bxa7 g2 49. a8=Q g1=Q 50. Qb7+ Ke6 51. Qd5+ Ke7 52. Qd4 Qf1+
53. Qd3 Qc1+ 54. Kb5 Qb2+ 55. Kc6 Kf7 56. Qd5+ Kf8 57. e5 Qa3 58. Qd6+ Kg8 59.
Qg6+ Kf8 60. Qf6+ Kg8 61. Qd8+ Kf7 62. Qd5+ Ke7 63. Qd6+ Kf7 64. Qc7+ Kg6 65.
Qb6 Kf5 66. Kc7 Qxh3 67. c6 Qg4 68. Kb7 Qg7+ 69. c7 Qg2+ 70. Kb8 Kxe5 71. c8=Q
Qa2 72. Qb5+ Kf6 73. Qcf5+ Kg7 74. Qbd7+ Kg8 75. Qdh7# 1-0

[Event "Lichtenberger Sommer 2017"]
[Site "Berlin"]
[Date "2017.08.25"]
[Round "7.97"]
[White "Gläsmann, Christian"]
[Black "Kaufmann, Matthias"]
[Result "1/2-1/2"]
[WhiteElo "1472"]
[BlackElo "1516"]
[PlyCount "87"]
[EventDate "2017.??.??"]
[WhiteTeam "SC Erkrath"]
[BlackTeam "vereinslos"]

1. e4 c5 2. c3 Nc6 3. Nf3 g6 4. d4 cxd4 5. cxd4 Bg7 6. Nc3 Qb6 7. Nd5 Qa5+ 8.
Bd2 Qd8 9. Bf4 d6 10. Bb5 Qa5+ 11. Bd2 Qd8 12. Bf4 Nf6 13. Nxf6+ Bxf6 14. Bxc6+
bxc6 15. e5 Bg7 16. O-O O-O 17. Qd2 dxe5 18. Nxe5 Qb6 19. Bh6 Rd8 20. Bxg7 Kxg7
21. Qc3 Rd6 22. Rac1 Qxd4 23. Qxd4 Rxd4 24. Nxc6 Rd7 25. Rfd1 Rc7 26. b4 Ba6
27. a4 Rac8 28. b5 Bb7 29. h3 Bxc6 30. bxc6 Rxc6 31. Rxc6 Rxc6 32. Rd7 Ra6 33.
Rxe7 Rxa4 34. f3 a5 35. Ra7 Ra1+ 36. Kf2 a4 37. g4 a3 38. Kg3 Ra2 39. Kh4 h6
40. f4 Kf6 41. g5+ hxg5+ 42. fxg5+ Kg7 43. Ra6 Kh7 44. Ra7 1/2-1/2

[Event "Lichtenberger Sommer 2017"]
[Site "Berlin"]
[Date "2017.08.25"]
[Round "7.98"]
[White "Krüger, Antje-Christine"]
[Black "Lange, Gregor Sebastian"]
[Result "1-0"]
[WhiteElo "1505"]
[BlackElo "820"]
[PlyCount "37"]
[EventDate "2017.??.??"]
[WhiteTeam "TSG Fredersdorf/Vogelsdorf"]
[BlackTeam "TSG Oberschöneweide"]

1. d4 d5 2. Nf3 e6 3. c4 Nf6 4. Nc3 Bb4 5. Bd2 Nbd7 6. a3 Bd6 7. c5 Ne4 8. cxd6
Nxc3 9. Bxc3 cxd6 10. Bb4 Qb6 11. e3 O-O 12. Be2 Nb8 13. O-O Nc6 14. Bxd6 Rd8
15. Bc5 Qxb2 16. Rb1 Qa2 17. Re1 Na5 18. Bd3 Nc4 19. Re2 1-0

[Event "Lichtenberger Sommer 2017"]
[Site "Berlin"]
[Date "2017.08.25"]
[Round "7.99"]
[White "Kossueva, Aminat"]
[Black "Geisler, Oliver"]
[Result "1-0"]
[WhiteElo "1037"]
[BlackElo "1556"]
[PlyCount "74"]
[EventDate "2017.??.??"]
[WhiteTeam "SC Friesen Lichtenberg"]
[BlackTeam "vereinslos"]

1. Nf3 d5 2. g3 Bf5 3. Bg2 Nf6 4. O-O Nbd7 5. d3 e5 6. Nh4 Be6 7. Nd2 Be7 8. f4
Bc5+ 9. Kh1 exf4 10. gxf4 Ng4 11. Qe1 Ne3 12. f5 Nxc2 13. Qg3 Bd6 14. Qf2 Nxa1
15. fxe6 Nf6 16. exf7+ Kxf7 17. Bxd5+ Ke8 18. Nc4 Rf8 19. Nxd6+ Qxd6 20. Bc4
Ng4 21. Bf7+ Kd7 22. Qf5+ Ke7 23. Bg5+ Nf6 24. Bc4 Nc2 25. Qxh7 Ke8 26. Qg6+
Kd7 27. Qxg7+ Qe7 28. Qxe7+ Kxe7 29. Ng6+ Kd7 30. Nxf8+ Rxf8 31. Bxf6 Ne3 32.
Rf3 Nxc4 33. dxc4 Ke6 34. Bd4 Rd8 35. e3 a5 36. Kg2 c5 37. Bxc5 Rd2+ 1-0

[Event "Lichtenberger Sommer 2017"]
[Site "Berlin"]
[Date "2017.08.25"]
[Round "7.100"]
[White "Toth, Hans-Jürgen"]
[Black "Wolfram, Mike"]
[Result "0-1"]
[WhiteElo "1546"]
[BlackElo "1550"]
[PlyCount "80"]
[EventDate "2017.??.??"]
[WhiteTeam "SF Zehdenick"]
[BlackTeam "vereinslos"]

1. f4 Nf6 2. Nf3 d5 3. e3 Bg4 4. b3 e6 5. Bb2 c5 6. Bb5+ Nc6 7. O-O a6 8. Bxc6+
bxc6 9. h3 Bh5 10. g4 Bg6 11. Ne5 Ne4 12. d3 Qh4 13. Rf3 h5 14. Nxg6 fxg6 15.
g5 Ng3 16. Kg2 Nf5 17. Bc3 d4 18. Be1 Nxe3+ 19. Rxe3 Qxf4 20. Rxe6+ Kd7 21. Re4
Qxg5+ 22. Kf1 Bd6 23. Nd2 Rhf8+ 24. Nf3 Rf5 25. Bf2 Qf6 26. Kg2 Rf8 27. Qe2
Rxf3 28. Rf1 Qf5 29. Rh4 Qd5 30. Qe4 Qg5+ 31. Rg4 hxg4 32. Qxg4+ Qxg4+ 33. hxg4
Bg3 34. Bxd4 Rxf1 35. Bxc5 R8f3 36. Kh3 Bd6+ 37. Kh4 Bxc5 38. g5 Rg1 39. b4 Rf8
40. bxc5 Rh8# 0-1

[Event "Lichtenberger Sommer 2017"]
[Site "Berlin"]
[Date "2017.08.25"]
[Round "7.101"]
[White "Abraham, Helmut"]
[Black "Kretzschmar, Gerald"]
[Result "0-1"]
[WhiteElo "1488"]
[BlackElo "1360"]
[PlyCount "84"]
[EventDate "2017.??.??"]
[WhiteTeam "SC Kreuzberg"]
[BlackTeam "USV Halle"]

1. Nf3 c6 2. c4 d5 3. e3 Nf6 4. Nc3 Bf5 5. d4 e6 6. Be2 Nbd7 7. O-O Qc7 8. c5
b6 9. b4 b5 10. Nh4 Ne4 11. Nxe4 Bxe4 12. f3 Bg6 13. Bd3 Be7 14. Nxg6 hxg6 15.
f4 Nf6 16. Qf3 a5 17. Bd2 a4 18. a3 Kd7 19. e4 Rh5 20. g3 Rah8 21. Rf2 Kc8 22.
Re1 Qd7 23. exd5 Qxd5 24. Be4 Nxe4 25. Rxe4 f5 26. Ree2 Qxf3 27. Rxf3 Kd7 28.
Rfe3 Bf6 29. Bc3 Re8 30. Kg2 g5 31. h3 gxf4 32. gxf4 g5 33. fxg5 Rxg5+ 34. Kh2
Rg6 35. Rg3 Rg7 36. d5 Rxg3 37. dxc6+ Kxc6 38. Kxg3 Bxc3 39. Re3 Bb2 40. Rd3
Be5+ 41. Kg2 Rg8+ 42. Kh1 Rg3 0-1

[Event "Lichtenberger Sommer 2017"]
[Site "Berlin"]
[Date "2017.08.25"]
[Round "7.102"]
[White "Stark, Steven"]
[Black "Chapiro, Daniel"]
[Result "1-0"]
[WhiteElo "1474"]
[BlackElo "837"]
[PlyCount "95"]
[EventDate "2017.??.??"]
[WhiteTeam "BSC Rehberge"]
[BlackTeam "SC Friesen Lichtenberg"]

1. e4 e5 2. Nf3 Nc6 3. Be2 Nf6 4. d3 Bc5 5. O-O O-O 6. c3 d6 7. b4 Bb6 8. Bb2
a6 9. a4 Re8 10. Nbd2 Be6 11. Qc2 Ne7 12. Ng5 Ng6 13. Nxe6 fxe6 14. g3 Qd7 15.
Nc4 Ba7 16. Kg2 b5 17. axb5 axb5 18. Nd2 Qc6 19. Qb3 Kf7 20. Ra2 Bb6 21. Rfa1
Rxa2 22. Rxa2 Ra8 23. Nf3 h6 24. Ng1 Ke7 25. Nh3 Rxa2 26. Qxa2 Qb7 27. Bf3 Nf8
28. d4 exd4 29. cxd4 Nxe4 30. d5 Qxd5 31. Qxd5 exd5 32. Bxg7 Ne6 33. Bxh6 c5
34. Be3 Kf6 35. Nf4 Ke5 36. Nxe6 Kxe6 37. h4 Kf6 38. g4 Ke5 39. h5 d4 40. Bc1
Nf6 41. h6 Nh7 42. g5 Bd8 43. g6 Nf6 44. g7 c4 45. h7 Nxh7 46. g8=Q Nf6 47.
Qxd8 c3 48. Qe7+ 1-0

[Event "Lichtenberger Sommer 2017"]
[Site "Berlin"]
[Date "2017.08.25"]
[Round "7.103"]
[White "Petersen, Sophie"]
[Black "Gnaß, Erhard"]
[Result "1/2-1/2"]
[WhiteElo "1437"]
[BlackElo "1466"]
[PlyCount "96"]
[EventDate "2017.??.??"]
[WhiteTeam "SV Rüdersdorf"]
[BlackTeam "SK Zehlendorf"]

1. e4 e5 2. Nf3 Nc6 3. d4 exd4 4. Bc4 h6 5. Nxd4 Nxd4 6. Qxd4 Qf6 7. Be3 Bd6 8.
O-O Qxd4 9. Bxd4 f6 10. Nc3 Be5 11. Be3 Bxc3 12. bxc3 d6 13. Rab1 Ne7 14. f4 b6
15. a4 a5 16. Rfd1 Bd7 17. Bb5 Bxb5 18. Rxb5 O-O 19. Rf1 Nc6 20. Rf3 Kh7 21.
Rh5 g6 22. Rhh3 Rae8 23. f5 g5 24. Rh5 Kg7 25. Rg3 Rxe4 26. h4 Ne7 27. hxg5
hxg5 28. Rgh3 Kf7 29. Rh7+ Ke8 30. Bd4 c5 31. Re3 d5 32. Rxe4 dxe4 33. Bf2 Kd7
34. Bg3 Re8 35. c4 Kc6 36. c3 Kd7 37. Kf2 Kc8 38. Rf7 Nxf5 39. Rxf6 Nxg3 40.
Kxg3 e3 41. Rf1 e2 42. Re1 Re3+ 43. Kg4 Rxc3 44. Rxe2 Rxc4+ 45. Kxg5 Rxa4 46.
Rb2 Kc7 47. g4 Kc6 48. Kf5 Ra1 1/2-1/2

[Event "Lichtenberger Sommer 2017"]
[Site "Berlin"]
[Date "2017.08.25"]
[Round "7.104"]
[White "Kossueva, Fatima"]
[Black "Fontaine, Constantin"]
[Result "0-1"]
[WhiteElo "1410"]
[BlackElo "1519"]
[PlyCount "88"]
[EventDate "2017.??.??"]
[WhiteTeam "SC Friesen Lichtenberg"]
[BlackTeam "SK Tempelhof 1931"]

1. e4 e5 2. Nf3 Nf6 3. Nc3 Bb4 4. d3 d6 5. Bd2 Nc6 6. g3 Ng4 7. h3 Nh6 8. Qe2
a5 9. Nd5 Bxd2+ 10. Qxd2 O-O 11. Bg2 f5 12. O-O-O fxe4 13. dxe4 Ne7 14. Kb1 a4
15. a3 Nxd5 16. Qxd5+ Kh8 17. Rhf1 Nf7 18. Rd2 c6 19. Qc4 Ra5 20. Nh2 Rc5 21.
Qe2 Rb5 22. c4 Ra5 23. f4 b5 24. cxb5 Rxb5 25. Rc1 Ba6 26. Qd1 Qb6 27. Qxa4 Rb8
28. Qc2 Rb3 29. Ka1 c5 30. Rb1 c4 31. Rf2 c3 32. Bf1 cxb2+ 33. Rxb2 Rxa3+ 34.
Kb1 Qa7 35. Bxa6 Rxa6 36. Rxb8+ Qxb8+ 37. Qb2 Rb6 38. Qxb6 Qxb6+ 39. Rb2 Qc7
40. Rc2 Qd7 41. Ra2 g6 42. Ng4 Qb7+ 43. Rb2 Qxe4+ 44. Ka1 Qe1+ 0-1

[Event "Lichtenberger Sommer 2017"]
[Site "Berlin"]
[Date "2017.08.25"]
[Round "7.105"]
[White "Lange, Johannes Friedrich"]
[Black "Jouani, Zakharia"]
[Result "1-0"]
[WhiteElo "1545"]
[BlackElo "1158"]
[PlyCount "61"]
[EventDate "2017.??.??"]
[WhiteTeam "TSG Oberschöneweide"]
[BlackTeam "Schachpinguine Berlin"]

1. e4 e5 2. Nf3 Nc6 3. Bc4 Bc5 4. c3 Nf6 5. d4 Bd6 6. Bg5 h6 7. Bh4 g5 8. Bg3
Nxe4 9. Bxe5 Nxe5 10. Nxe5 Bxe5 11. dxe5 Nc5 12. O-O Ne6 13. Nd2 b6 14. Qh5 Qe7
15. Qf3 c6 16. Ne4 Bb7 17. Nd6+ Kf8 18. Nxb7 b5 19. Bb3 Rb8 20. Nd6 Nc5 21. Qf6
Qxf6 22. exf6 Ne6 23. Rad1 Rg8 24. Nf5 Rd8 25. Nxh6 Rg6 26. Ng4 a5 27. Ne5 Rg8
28. Rxd7 Rxd7 29. Nxd7+ Ke8 30. Bxe6 fxe6 31. Ne5 1-0

[Event "Lichtenberger Sommer 2017"]
[Site "Berlin"]
[Date "2017.08.25"]
[Round "7.106"]
[White "Lange, Christoph"]
[Black "Plaza Reino, Leire"]
[Result "1/2-1/2"]
[WhiteElo "1292"]
[BlackElo "1253"]
[PlyCount "51"]
[EventDate "2017.??.??"]
[WhiteTeam "TSG Oberschöneweide"]
[BlackTeam "Enniscorthy Chess Club"]

1. e4 c5 2. Nf3 d6 3. d4 cxd4 4. Nxd4 Nf6 5. Nc3 a6 6. Be3 e5 7. Nb3 Be7 8. f3
Be6 9. Qd2 O-O 10. O-O-O b5 11. g4 Nbd7 12. h4 Qc7 13. g5 b4 14. Nd5 Nxd5 15.
exd5 Bf5 16. Bd3 Bxd3 17. Qxd3 a5 18. Kb1 a4 19. Nc1 Nc5 20. Bxc5 Qxc5 21. Rh2
Rab8 22. Rf1 Rfe8 23. f4 exf4 24. Rxf4 Bd8 25. Qf5 Rb7 26. Qd3 1/2-1/2

[Event "Lichtenberger Sommer 2017"]
[Site "Berlin"]
[Date "2017.08.26"]
[Round "8.1"]
[White "Stern, René"]
[Black "Berger, Steve"]
[Result "1/2-1/2"]
[WhiteElo "2499"]
[BlackElo "2412"]
[PlyCount "43"]
[EventDate "2017.??.??"]
[WhiteTeam "SK König Tegel"]
[BlackTeam "SK König Tegel"]

1. Nf3 c5 2. c4 Nc6 3. Nc3 g6 4. e3 Nf6 5. d4 cxd4 6. exd4 d5 7. cxd5 Nxd5 8.
Qb3 e6 9. Bb5 Bg7 10. O-O O-O 11. Bxc6 bxc6 12. Na4 Ba6 13. Re1 Nb6 14. Nc5 Bc4
15. Qc3 Bd5 16. Ne5 Re8 17. b3 f6 18. Ned3 Nd7 19. Nxd7 Qxd7 20. Bf4 a5 21.
Rac1 Bf8 22. Rc2 1/2-1/2

[Event "Lichtenberger Sommer 2017"]
[Site "Berlin"]
[Date "2017.08.26"]
[Round "8.2"]
[White "Radovanovic, Jovica"]
[Black "Barath M"]
[Result "1/2-1/2"]
[WhiteElo "2357"]
[BlackElo "2285"]
[PlyCount "111"]
[EventDate "2017.??.??"]
[WhiteTeam "vereinslos"]
[BlackTeam "SC Zugzwang 95 (Berlin)"]

1. d4 Nf6 2. c4 g6 3. Nc3 Bg7 4. e4 d6 5. Nf3 O-O 6. Be2 e5 7. Be3 Ng4 8. Bg5
f6 9. Bc1 Nc6 10. d5 Nd4 11. Nxd4 exd4 12. Qxd4 f5 13. Qd1 Qh4 14. Bxg4 fxe4
15. Be3 Bxg4 16. Qd2 Qe7 17. h3 Bf5 18. O-O-O a6 19. g4 Bd7 20. Rhe1 Rf3 21.
Bd4 Raf8 22. Nxe4 Bxd4 23. Qxd4 R8f4 24. Rd3 Rxf2 25. Rde3 Rf1 26. Rxf1 Rxf1+
27. Kd2 Rf4 28. b4 b6 29. Kc3 Qg7 30. c5 bxc5 31. bxc5 Qe7 32. c6 Bc8 33. Nf6+
Qxf6 34. Re8+ Kf7 35. Qxf6+ Kxf6 36. Rxc8 Ke5 37. Rxc7 Kxd5 38. Rxh7 Kxc6 39.
Rh6 Kc5 40. Rxg6 Rf3+ 41. Kb2 Rxh3 42. Rg8 Rg3 43. Ra8 Rxg4 44. Rxa6 Rg3 45.
Ra4 d5 46. Rh4 d4 47. Rh8 Kc4 48. Rc8+ Kd3 49. Rd8 Ke3 50. Kb3 Ke2+ 51. Kc4 d3
52. a4 d2 53. Rxd2+ Kxd2 54. a5 Rg4+ 55. Kb5 Kc3 56. a6 1/2-1/2

[Event "Lichtenberger Sommer 2017"]
[Site "Berlin"]
[Date "2017.08.26"]
[Round "8.4"]
[White "Hesse, Henrik"]
[Black "Ahmadinia, Ebrahim"]
[Result "0-1"]
[WhiteElo "2124"]
[BlackElo "2398"]
[PlyCount "76"]
[EventDate "2017.??.??"]
[WhiteTeam "SV Mattnetz Berlin"]
[BlackTeam "SF 1903 Berlin"]

1. c4 c6 2. g3 d5 3. Bg2 Nf6 4. Nf3 dxc4 5. a4 Be6 6. Qc2 Qd5 7. Nc3 Qc5 8. O-O
Na6 9. d4 cxd3 10. Qxd3 Nb4 11. Qb1 a5 12. Be3 Qh5 13. Nd4 Bd7 14. f3 Qg6 15.
g4 Qxb1 16. Raxb1 e5 17. Nb3 Be7 18. Rfd1 h5 19. h3 Nfd5 20. Bc5 b6 21. Nxd5
Nxd5 22. e4 bxc5 23. exd5 cxd5 24. Rxd5 Be6 25. f4 Bxd5 26. Bxd5 Ra7 27. fxe5
hxg4 28. Rf1 Bg5 29. hxg4 Rh4 30. Bf3 c4 31. Nc1 Be3+ 32. Kg2 Bd4 33. Bc6+ Kf8
34. Rf4 Bxb2 35. Ne2 Bxe5 36. Rxc4 Rc7 37. Rc5 Rxg4+ 38. Kf3 Rxa4 0-1

[Event "Lichtenberger Sommer 2017"]
[Site "Berlin"]
[Date "2017.08.26"]
[Round "8.5"]
[White "Brustkern, Jürgen"]
[Black "Heinig, Wolfram"]
[Result "1-0"]
[WhiteElo "2255"]
[BlackElo "2328"]
[PlyCount "89"]
[EventDate "2017.??.??"]
[WhiteTeam "SC Zugzwang 95 (Berlin)"]
[BlackTeam "SK Zehlendorf"]

1. d4 Nf6 2. Bg5 g6 3. Nc3 d5 4. Qd2 Nbd7 5. f3 h6 6. Bf4 c6 7. e4 e6 8. O-O-O
Bg7 9. h4 Qe7 10. e5 Ng8 11. h5 g5 12. Be3 b6 13. f4 gxf4 14. Bxf4 Bb7 15. Kb1
O-O-O 16. Rh3 f6 17. exf6 Ngxf6 18. Re1 Qf7 19. Bh2 Ng4 20. Nb5 cxb5 21. Rc3+
Nc5 22. Bg3 b4 23. Rf3 Qd7 24. Qxb4 Qa4 25. Qxa4 Nxa4 26. c3 Rhf8 27. Bb5 Rxf3
28. gxf3 Nxc3+ 29. bxc3 Nf6 30. Rxe6 Nxh5 31. Bh2 a6 32. Re7 axb5 33. Rc7+ Kb8
34. Rxg7+ Ka7 35. Rg6 Rh8 36. Bc7 Bc8 37. Kb2 Bf5 38. Rxb6 Rg8 39. Rxh6 Rg2+
40. Kb3 Rxg1 41. Rxh5 Bd3 42. Kb4 Bc4 43. Rh7 Rg8 44. Ka5 Bxa2 45. Bd6+ 1-0